000
00240nam a22001097a 4500
999
_c
12870
_d
12870
082
_a
297.61
100
_a
Sadiq Hussain Siddiqui
245
_a
Muhammad Bin Qasim
260
_a
Pakistan
_b
Kitab Mela
_c
2018
300
_a
328 pages
942
_c
BK